00301nam a2200109Ia 4500008004100000041000800041100002000049245004800069260003700117300000800154700002900162250110s9999 xx 000 0 und d aeng aDatar Tejaswini aEnergy Efficient Housing Konkan Maharashtra bFinal Year B.Arch ID, Punec2014 a70p aGuide Name:Pethe Sandeep